Enigmas de la psicología / (Record no. 61221)

MARC details
000 -LEADER
campo de control de longitud fija 00759nam a2200229 i 4500
001 - NÚMERO DE CONTROL
campo de control 61221
003 - IDENTIFICADOR DE NÚMERO DE CONTROL
campo de control ES-MaACL
005 - FECHA Y HORA DE LA ÚLTIMA TRANSACCIÓN
campo de control 20250822062545.0
007 - CAMPO FIJO DE DESCRIPCIÓN FÍSICA--INFORMACIÓN GENERAL
campo de control de longitud fija t|
008 - DATOS DE LONGITUD FIJA--INFORMACIÓN GENERAL
campo de control de longitud fija 031111s1962 sp ||||1| spa d
100 1# - ENTRADA PRINCIPAL--NOMBRE DE PERSONA
Nombre de persona Eysenck, Hans Jurgen.
9 (RLIN) 48453
245 10 - MENCIÓN DEL TÍTULO
Título Enigmas de la psicología /
Mención de responsabilidad, etc. H.J. Eysenck ; [versión española de Alfonso Álvarez Villar].
260 ## - PUBLICACIÓN, DISTRIBUCIÓN, ETC.
Lugar de publicación, distribución, etc. Madrid :
Nombre del editor, distribuidor, etc. Morata,
Fecha de publicación, distribución, etc. [1962]
300 ## - DESCRIPCIÓN FÍSICA
Extensión 2 v. ;
Dimensiones 22 cm.
490 1# - MENCIÓN DE SERIE
Mención de serie Colección ágata
505 0# - NOTA DE CONTENIDO CON FORMATO
Nota de contenido con formato I. Las fronteras del conocimiento (167 p.) - II. Personalidad y vida social (189 p.)
650 07 - PUNTO DE ACCESO ADICIONAL DE MATERIA--TÉRMINO DE MATERIA
Término de materia o nombre geográfico como elemento de entrada Psicología
Fuente del encabezamiento o término embne
9 (RLIN) 16540
700 1# - ENTRADA AGREGADA--NOMBRE PERSONAL
Nombre de persona Alvarez Villar, Alfonso.
9 (RLIN) 20998
830 1# - PUNTO DE ACCESO ADICIONAL DE SERIE-TÍTULO UNIFORME
Título uniforme Colección ágata
9 (RLIN) 185360
852 ## - LOCALIZACIÓN
Ubicación ES-MaACL
Número de control de estantería E-4364-65
Holdings
Estatus retirado Estado de pérdida Estado de daño No para préstamo Biblioteca de origen Biblioteca actual Ubicación en estantería Fecha de adquisición Fuente de adquisición Total de préstamos Signatura topográfica completa Código de barras Visto por última vez Precio de reemplazo Tipo de ítem Koha
        Biblioteca del Ateneo de Madrid Biblioteca del Ateneo de Madrid Depósito 2 17/01/2008     E-4364-65 1064198 23/02/2023 23/02/2023 Libro impreso